LEADER 00996nam0 2200277 450 001 000007177 005 20060630113816.0 010 $a2-8027-1960-2$bBruylant 010 $a960-15-1244-6$bAnt. N. Sakkoulas 100 $a20060511d2004----km-y0itay50------ba 101 0 $aeng 102 $aGR 200 1 $aEuropean air law and policy$erecent developments$efifteenth annual conference, Brussels, 2003$fedited by Prodromos D. Dagtoglou, T. Soames, J. Kennedy 210 $aAthens$cSakkoulas$aBruxelles$cBruylant$d2004 215 $a210 p.$d25 cm 225 2 $aEuropean Air Law Association$iEala Papers$v19 410 0$12001$aEuropean Air Law Association 610 1 $aSpazio aereo$aConvenzioni internazionali 676 $a341.45$v20 702 1$aDagtoglou,$bProdromos D. 702 1$aSoames,$bTrevor 801 0$aIT$bUNIPARTHENOPE$c20060511$gRICA$2UNIMARC 912 $a000007177 951 $aH-0197$b38504$cNAVA3$d2006 996 $aEuropean air law and policy$9990542 997 $aUNIPARTHENOPE